| 000 | 01498cam a22002777a 4500 | ||
|---|---|---|---|
| 001 | 9917 | ||
| 003 | FISKH | ||
| 005 | 20260317095711.0 | ||
| 008 | 000522s1997 tr a 000 0 eng d | ||
| 010 | _a 00317038 | ||
| 020 | _a9781529088397 | ||
| 040 |
_aBWS _cBWS _dBWI _dDLC |
||
| 050 | _aPR1175 .A165 | ||
| 082 | _a821.008 LCC | ||
| 100 | 1 |
_aJoseph, George, _d1937- |
|
| 245 | 1 | 4 |
_aThe 365 ofs of life and poems / _cby George 'Umbala' Joseph ; illustrations by Selwyn Quamina. |
| 260 |
_aPort of Spain, Trinidad : _bUmbala International, _c1997. |
||
| 300 |
_a524 pages : _c25 cm |
||
| 520 | _aDiscover the comfort of poetry with 365 Poems for Life, an uplifting collection from curator Allie Esiri. This nourishing poem-a-day collection offers readers a brief moment of escape from daily life through some of the warmest words in the English language. Whether you're searching for wisdom or looking to boost your wellbeing, dip into this anthology to share with others or enjoy a quiet moment of calm every day of the year. Explore a wide range of poets, including Ocean Vuong, Maya Angelou, Kae Tempest, Raymond Antrobus, Carol Ann Duffy and many more. The perfect gift for poetry lovers and newbies alike, this beautiful anthology brings a moment of solace every day of the year | ||
| 650 | 0 |
_aLife _xMiscellanea. |
|
| 650 | 0 |
_aLife _xQuotations, maxims, etc. |
|
| 650 | 0 |
_aLife _xPoetry. |
|
| 906 |
_a7 _bcbc _ccopycat _d3 _encip _f20 _gy-gencatlg |
||
| 942 |
_2ddc _cBK _n0 |
||
| 999 |
_c9917 _d9917 |
||